000 00679nam a22001937a 4500
005 20251108172936.0
008 250721s9999 xx 000 0 ara d
082 1 4 _a210.46134/نوف
100 1 _aنوفل، يوسف يونس
245 1 0 _aالبيئة المائية دورة ربانية شلالاتها سماوية /
264 1 _aالمنصورة :
_bمكتبة جزيرة الورد،
300 _a80 ص
490 0 _aدائرة معارف بيئتنا الحضارية سفينتنا الربانية نحو فقه إسلامي معاصر
650 1 7 _aالماء
650 1 7 _aالإسلام
650 1 7 _aالبيئة
942 _2ddc
_cBK
999 _c92387
_d92387